| 000 | 00699cam a22002054a 4500 | ||
|---|---|---|---|
| 020 | _a007283434X | ||
| 040 | _cDLC | ||
| 082 | _a005 MCG 2004 A003 Or. | ||
| 100 | 1 | _aCoulthard, Glen J. | |
| 245 | 1 | 0 | _aMicrosoft Office Access 2003 / |
| 250 | _aComplete ed. | ||
| 260 |
_aBoston : _bMcGraw-Hill Technology Education, _c2004. |
||
| 300 |
_axxiii, 718, 33 p. : _bcol. ill. ; _c28 cm. |
||
| 650 | 0 | _aDatabase management. | |
| 700 | 1 | _aClifford, Sarah Hutchinson. | |
| 856 | 4 | 2 | _uhttp://www.loc.gov/catdir/description/mh051/2004053886.html |
| 856 | 4 | 1 | _uhttp://www.loc.gov/catdir/toc/mh051/2004053886.html |
| 856 | 4 | 2 | _uhttp://www.loc.gov/catdir/enhancements/fy0737/2004053886-b.html |
| 942 | _cEK | ||
| 999 |
_c16433 _d16433 |
||